000
00310nam a2200121Ia 4500
008
190216s9999||||xx |||||||||||||| ||und||
100
_a
Shiromany P A
245
0
_a
Objective And Short Answers Type Questions In Biology
260
_b
Young Man & Co
_c
1984
300
_a
362p
650
_a
Biology
942
_c
REF
999
_c
35575
_d
35575